Diccionario gramatical y de dudas del idioma
Guardat en:
| Autor principal: | |
|---|---|
| Format: | Llibre |
| Idioma: | espanyol |
| Publicat: |
Barcelona
Ramón Sopena
1973
|
| Matèries: | |
| Etiquetes: |
Afegir etiqueta
Sense etiquetes, Sigues el primer a etiquetar aquest registre!
|
MARC
| LEADER | 00000nam a2200000 a 4500 | ||
|---|---|---|---|
| 001 | UCT3418 | ||
| 003 | CL-VaPUC | ||
| 008 | 961024e19730000SP |||||||||||||||||spa|d | ||
| 082 | 0 | 4 | |a 463 |b MAR |2 21 |
| 100 | |a Martínez Amador, Emilio María |e autor |9 557086 | ||
| 245 | 1 | 0 | |a Diccionario gramatical y de dudas del idioma |
| 300 | |a 1498 p | ||
| 942 | |c BK | ||
| 945 | |d 19961024 00:00:00 |a lriquelm | ||
| 260 | |a Barcelona |b Ramón Sopena |c 1973 | ||
| 650 | 0 | |a Diccionarios |9 256200 | |
| 650 | 0 | |a Español |9 255372 | |
| 650 | 0 | |a Gramática |9 270497 | |
| 650 | 0 | |a Glosarios |9 261047 | |
| 650 | 7 | |a LENGUAS ROMANCES |2 CL-VaPUC |9 346632 | |
| 583 | |a last modification |c 19961024 00:00:00 |k Rodrigo Vera | ||
| 999 | |c 253077 |d 253075 | ||
| 952 | |0 0 |1 0 |4 0 |6 463_000000000000000_MAR_1973 |7 0 |8 X |9 273551 |a BIBCUR |b BIBCUR |d 2019-11-19 |i 1774859 |o 463 MAR 1973 |p 1774859 |r 2025-04-22 |w 2019-11-19 |y BK_X |k BCB | ||